[Event "Tradewise Gibraltar Chess Festival 2011"]
[Site "Gibraltar ENG"]
[Date "2011.01.30"]
[Round "6.71"]
[White "Memarian, Milad"]
[Black "Kantans, Toms"]
[Result "1/2-1/2"]
[WhiteElo "2028"]
[BlackElo "2342"]
[PlyCount "64"]
[EventDate "2011.01.25"]
[EventType "swiss"]
[EventRounds "10"]
[EventCountry "ENG"]
[Source "lmi"]
[SourceDate "2011.01.25"]

1. e4 c5 2. d4 cxd4 3. Nf3 d6 4. Nxd4 Nf6 5. f3 Nc6 6. c4 g6 7. Nc3 Bg7 8. Be3
O-O 9. Qd2 Bd7 10. Be2 a6 11. O-O Rc8 12. Rfd1 Qc7 13. Rac1 Qb8 14. a4 Rfe8 15.
Kh1 h5 16. Nxc6 Bxc6 17. b4 h4 18. b5 axb5 19. axb5 Bd7 20. Na4 Be6 21. Nb6
Rcd8 22. Nd5 Bxd5 23. cxd5 Rc8 24. b6 Nd7 25. Bb5 Red8 26. Bxd7 Rxd7 27. Rxc8+
Qxc8 28. Rc1 Qd8 29. Qc2 Kf8 30. Qc8 Ke8 31. Kg1 Qxc8 32. Rxc8+ Rd8 1/2-1/2

[Event "Tradewise Gibraltar Chess Festival 2011"]
[Site "Gibraltar ENG"]
[Date "2011.01.30"]
[Round "6.72"]
[White "Spanton, Tim R"]
[Black "Tabatt, Hendrik"]
[Result "0-1"]
[WhiteElo "2007"]
[BlackElo "2342"]
[PlyCount "55"]
[EventDate "2011.01.25"]
[EventType "swiss"]
[EventRounds "10"]
[EventCountry "ENG"]
[Source "lmi"]
[SourceDate "2011.01.25"]

1. c4 b6 2. Nc3 Bb7 3. e4 c5 4. Nge2 d6 5. d4 cxd4 6. Nxd4 Nd7 7. Be2 Ngf6 8.
f3 e6 9. O-O a6 10. Be3 Be7 11. Qd2 O-O 12. Rfd1 Rc8 13. Rac1 Qc7 14. Bf1 Rfe8
15. Qf2 Qb8 16. Nc2 Ne5 17. Bxb6 Nxc4 18. Ba7 Qa8 19. Na4 Bc6 20. Bxc4 Bxa4 21.
b3 Bb5 22. Na3 d5 23. Nxb5 dxc4 24. Nc3 cxb3 25. e5 b2 26. Rc2 Nd5 27. Nxd5
Qxd5 28. Bd4 0-1

[Event "Tradewise Gibraltar Chess Festival 2011"]
[Site "Gibraltar ENG"]
[Date "2011.01.30"]
[Round "6.73"]
[White "Wahlbom, Magnus"]
[Black "Knudsen, Jes West"]
[Result "1-0"]
[WhiteElo "2305"]
[BlackElo "2000"]
[PlyCount "125"]
[EventDate "2011.01.25"]
[EventType "swiss"]
[EventRounds "10"]
[EventCountry "ENG"]
[Source "lmi"]
[SourceDate "2011.01.25"]

1. e4 d5 2. exd5 Nf6 3. d4 Bg4 4. Be2 Bxe2 5. Qxe2 Qxd5 6. Nf3 e6 7. O-O Nc6 8.
Nc3 Nxd4 9. Nxd4 Qxd4 10. Qb5+ Qd7 11. Qxb7 Rd8 12. Bg5 c6 13. Qa6 Rb8 14. b3
Nd5 15. Rad1 Bb4 16. Nxd5 cxd5 17. Be3 Qb5 18. Qxa7 O-O 19. Qd4 Rfc8 20. Rc1
Bc3 21. Qd3 Qa5 22. a4 Qb4 23. Rcd1 Rc6 24. Kh1 Rbc8 25. f4 f5 26. Rf2 Qa3 27.
h3 Qa2 28. Re2 Kf7 29. Kh2 R8c7 30. Qb5 Qa3 31. Bb6 Rc8 32. Be3 R8c7 33. Bd2
Qd6 34. Bc1 Qb4 35. Qd3 Qd6 36. Qf3 g6 37. Qf2 Bf6 38. Be3 Qe7 39. Rdd2 Bc3 40.
Rd3 Bb4 41. Bd4 Qe8 42. Qh4 Qg8 43. Qf6+ Ke8 44. Rde3 Kd7 45. g3 Be7 46. Qe5 g5
47. fxg5 Bxg5 48. Rc3 Be7 49. Rxc6 Rxc6 50. c3 Bd6 51. Qe3 Qf7 52. Be5 Bc5 53.
Qd3 Bd6 54. Bxd6 Kxd6 55. c4 f4 56. cxd5 exd5 57. Rf2 Qc7 58. gxf4 Rc3 59. Qf5
Kc5 60. Rc2 Kb4 61. Rxc3 Kxc3 62. Qxd5 Qxf4+ 63. Kg2 1-0

[Event "Tradewise Gibraltar Chess Festival 2011"]
[Site "Gibraltar ENG"]
[Date "2011.01.30"]
[Round "6.74"]
[White "Avalos Parra, Joao"]
[Black "Shepherd, Michael"]
[Result "1-0"]
[WhiteElo "2252"]
[BlackElo "1999"]
[PlyCount "43"]
[EventDate "2011.01.25"]
[EventType "swiss"]
[EventRounds "10"]
[EventCountry "ENG"]
[Source "lmi"]
[SourceDate "2011.01.25"]

1. d4 e6 2. g3 Nf6 3. Bg2 c5 4. Nf3 d5 5. c4 Nc6 6. O-O cxd4 7. Nxd4 Be7 8.
cxd5 exd5 9. Nc3 O-O 10. Be3 Be6 11. Qa4 Ne5 12. Rad1 Nc4 13. Bc1 Nb6 14. Qb3
Re8 15. e4 Qc8 16. Nxe6 fxe6 17. exd5 exd5 18. Nxd5 Nfxd5 19. Bxd5+ Nxd5 20.
Rxd5 Kh8 21. Re5 Qd7 22. Qf7 1-0

[Event "Tradewise Gibraltar Chess Festival 2011"]
[Site "Gibraltar ENG"]
[Date "2011.01.30"]
[Round "6.76"]
[White "Sigamoney, Cyril S"]
[Black "Lasinskas, Povilas"]
[Result "1/2-1/2"]
[WhiteElo "1978"]
[BlackElo "2164"]
[PlyCount "141"]
[EventDate "2011.01.25"]
[EventType "swiss"]
[EventRounds "10"]
[EventCountry "ENG"]
[Source "lmi"]
[SourceDate "2011.01.25"]

1. d4 Nf6 2. Nf3 e6 3. Bf4 b6 4. e3 Bb7 5. Nbd2 Be7 6. h3 O-O 7. Bd3 d5 8. O-O
Ne4 9. Bh2 Nd7 10. c3 f5 11. Ne1 Bd6 12. Bxd6 cxd6 13. f4 Qe7 14. Nef3 e5 15.
fxe5 dxe5 16. Nxe5 Nxe5 17. dxe5 Qxe5 18. Nf3 Qe7 19. Nd4 g6 20. Qc2 Nd6 21.
Rae1 Rae8 22. Qf2 Qf7 23. Qg3 Ne4 24. Bxe4 Rxe4 25. Rf4 Qc7 26. Qh4 Rfe8 27.
Rxe4 Rxe4 28. Qf6 Qd7 29. h4 Qe8 30. Qg5 Rg4 31. Qf6 Re4 32. Qg5 Qf8 33. Rf1
Bc8 34. h5 Qe7 35. Qxe7 Rxe7 36. hxg6 hxg6 37. Kf2 Ba6 38. Rd1 Re4 39. g3 Bb7
40. a3 a6 41. Nf3 Kg7 42. Rd4 Kf6 43. Nd2 Re7 44. Nf3 Rh7 45. Rh4 Rxh4 46. gxh4
a5 47. Kg3 Ba6 48. Kf4 Be2 49. Ne5 Bb5 50. Nf3 Bd3 51. Nd4 Be4 52. Nc6 Bd3 53.
Na7 Ke6 54. Nc6 Kf6 55. Nd4 Be4 56. Nb5 a4 57. Nd4 Bb1 58. b3 axb3 59. Nxb3 Bc2
60. Nd2 Bd3 61. Nf3 Be2 62. Nd4 Bh5 63. Nc6 Ke6 64. Nb4 Kd6 65. Nd3 Ke6 66. Ne5
Kd6 67. Nd3 Be2 68. Ne5 Bh5 69. Nd3 Be2 70. Ne5 Bh5 71. Nd3 1/2-1/2

[Event "Tradewise Gibraltar Chess Festival 2011"]
[Site "Gibraltar ENG"]
[Date "2011.01.30"]
[Round "6.77"]
[White "Kandic, Milan"]
[Black "Khachatourian, Yerazik"]
[Result "1-0"]
[WhiteElo "2143"]
[BlackElo "1996"]
[PlyCount "155"]
[EventDate "2011.01.25"]
[EventType "swiss"]
[EventRounds "10"]
[EventCountry "ENG"]
[Source "lmi"]
[SourceDate "2011.01.25"]

1. e4 e5 2. Nf3 Nf6 3. Nxe5 d6 4. Nf3 Nxe4 5. Nc3 Nxc3 6. dxc3 Be7 7. Bd3 Nc6
8. Bf4 Be6 9. Qd2 Qd7 10. h4 Bf6 11. Ng5 Ne5 12. Nxe6 Qxe6 13. Be2 O-O-O 14. b3
Ng6 15. Be3 Rhe8 16. h5 Ne5 17. O-O-O Kb8 18. g3 d5 19. Rhe1 Qe7 20. Kb1 Qa3
21. Qc1 Qa5 22. b4 Qa4 23. Bd4 h6 24. Qb2 Qc6 25. Qa3 b6 26. Qa6 Nc4 27. Bxf6
Qxf6 28. Bxc4 Rxe1 29. Rxe1 Qxc3 30. Rd1 Qxb4+ 31. Kc1 Qc3 32. Qb5 d4 33. Qb3
Qa5 34. Bxf7 Qg5+ 35. f4 Qf6 36. Qe6 Qxe6 37. Bxe6 c5 38. f5 b5 39. c3 d3 40.
c4 bxc4 41. Bxc4 Rd4 42. Bxd3 Kc7 43. Kc2 a5 44. Re1 Rg4 45. Re7+ Kd6 46. Re6+
Kd5 47. Rg6 Ra4 48. Kb2 Rb4+ 49. Kc1 Rb7 50. f6 gxf6 51. Rxf6 c4 52. Bc2 Kd4
53. Kd2 c3+ 54. Ke2 Rb2 55. Rf4+ Ke5 56. Kd3 Rxa2 57. Ra4 Rxa4 58. Bxa4 Kf5 59.
Bd7+ Kg5 60. g4 Kf6 61. Kxc3 Kg5 62. Kb3 Kf6 63. Bf5 Kg5 64. Ka4 Kf6 65. Kxa5
Kg7 66. Kb6 Kf6 67. Kc6 Ke7 68. Kd5 Kf6 69. Kd6 Kf7 70. Ke5 Kg7 71. Ke6 Kg8 72.
Kf6 Kh8 73. Kg6 Kg8 74. Kxh6 Kh8 75. g5 Kg8 76. Bc8 Kh8 77. g6 Kg8 78. Be6+ 1-0

[Event "Tradewise Gibraltar Chess Festival 2011"]
[Site "Gibraltar ENG"]
[Date "2011.01.30"]
[Round "6.79"]
[White "Costello, Colin A"]
[Black "Daumen, Michael"]
[Result "1/2-1/2"]
[WhiteElo "1975"]
[BlackElo "2130"]
[PlyCount "91"]
[EventDate "2011.01.25"]
[EventType "swiss"]
[EventRounds "10"]
[EventCountry "ENG"]
[Source "lmi"]
[SourceDate "2011.01.25"]

1. c4 e5 2. g3 d6 3. Bg2 f5 4. Nc3 Nf6 5. d3 Be7 6. Nf3 O-O 7. O-O Qe8 8. Rb1
a5 9. a3 Qh5 10. Bg5 Nbd7 11. b4 axb4 12. axb4 h6 13. Bxf6 Nxf6 14. Qc2 f4 15.
Nd5 Nxd5 16. cxd5 Bd8 17. Ra1 Rxa1 18. Rxa1 Qf7 19. Ra8 Bg4 20. Rb8 fxg3 21.
hxg3 g5 22. Rxb7 Bh5 23. Kh2 Qxd5 24. Rb8 Qf7 25. Qc6 Qe7 26. Qa8 Bg6 27. Nd2
Qf6 28. Ne4 Bxe4 29. Qxe4 Kg7 30. Qc6 h5 31. b5 h4 32. Qf3 Qh6 33. Qg4 hxg3+
34. Kxg3 Qf6 35. Bf3 Qf4+ 36. Kg2 Qxg4+ 37. Bxg4 Kf6 38. Kg3 Ke7 39. Rb7 Kf6
40. e4 Rf7 41. Bf5 Rf8 42. Rb8 Be7 43. Rb7 Bd8 44. Kf3 Rh8 45. Ke3 Rh1 46. Rb8
1/2-1/2

[Event "Tradewise Gibraltar Chess Festival 2011"]
[Site "Gibraltar ENG"]
[Date "2011.01.30"]
[Round "6.80"]
[White "Lipecki, Alexander"]
[Black "Kuehnast, Volker"]
[Result "1-0"]
[WhiteElo "2126"]
[BlackElo "1899"]
[PlyCount "94"]
[EventDate "2011.01.25"]
[EventType "swiss"]
[EventRounds "10"]
[EventCountry "ENG"]
[Source "lmi"]
[SourceDate "2011.01.25"]

1. e4 g6 2. Nc3 Bg7 3. Be2 d6 4. d3 a6 5. f4 Nc6 6. Nf3 Nd4 7. Nxd4 Bxd4 8. Bf3
c5 9. Ne2 Bg7 10. c3 e6 11. Be3 Qc7 12. O-O Ne7 13. Rc1 Rb8 14. Qd2 b5 15. g4
f5 16. Ng3 O-O 17. d4 c4 18. gxf5 exf5 19. e5 Rd8 20. Qe2 d5 21. Qg2 Be6 22.
Kh1 Kf7 23. Rg1 Rg8 24. Ne2 Rbf8 25. Bf2 Ke8 26. Bh4 Qc6 27. Qh3 Rh8 28. Rb1
Nc8 29. Ng3 Rf7 30. Nh5 Rg8 31. Ng3 Rh8 32. Nf1 Nb6 33. Ne3 Bh6 34. Bf6 Bg7 35.
Bxg7 Rxg7 36. Qh6 Rgg8 37. Rg5 Qd7 38. Rbg1 Qf7 39. Bd1 Kd7 40. Bc2 Qf8 41.
Nxf5 Qxh6 42. Nxh6 Rf8 43. f5 gxf5 44. Nxf5 Na4 45. Rg7+ Kc6 46. Ne7+ Kb6 47.
Bxh7 Rf7 1-0

[Event "Tradewise Gibraltar Chess Festival 2011"]
[Site "Gibraltar ENG"]
[Date "2011.01.30"]
[Round "6.81"]
[White "Garcia de Lomas Guerrero, Carlo"]
[Black "Collier, David O"]
[Result "1/2-1/2"]
[WhiteElo "1940"]
[BlackElo "2108"]
[PlyCount "68"]
[EventDate "2011.01.25"]
[EventType "swiss"]
[EventRounds "10"]
[EventCountry "ENG"]
[Source "lmi"]
[SourceDate "2011.01.25"]

1. e4 c5 2. Nf3 d6 3. d4 cxd4 4. Nxd4 Nf6 5. Nc3 a6 6. Bg5 e6 7. f4 Qc7 8. Qf3
Nc6 9. O-O-O Nxd4 10. Rxd4 b5 11. Be2 Bb7 12. Rhd1 Be7 13. Bxf6 gxf6 14. f5 Qc5
15. fxe6 fxe6 16. Qh3 Bc8 17. Bh5+ Kd8 18. Bg4 Qe5 19. g3 h5 20. Rd5 exd5 21.
Bxc8 Qg5+ 22. Kb1 Rxc8 23. Nxd5 Qg4 24. Qf1 Qxe4 25. Qf2 Rf8 26. Nf4 Rf7 27.
Re1 Qc6 28. Ne6+ Ke8 29. Qf5 b4 30. Qg6 Qc4 31. a3 bxa3 32. Ng7+ Kd7 33. Qf5+
Kc6 34. Qxc8+ Kb5 1/2-1/2

[Event "Tradewise Gibraltar Chess Festival 2011"]
[Site "Gibraltar ENG"]
[Date "2011.01.30"]
[Round "6.82"]
[White "Brown, David"]
[Black "Havik, Victor"]
[Result "1/2-1/2"]
[WhiteElo "1923"]
[BlackElo "2107"]
[PlyCount "138"]
[EventDate "2011.01.25"]
[EventType "swiss"]
[EventRounds "10"]
[EventCountry "ENG"]
[Source "lmi"]
[SourceDate "2011.01.25"]

1. e4 e5 2. Nf3 Nc6 3. Bc4 Nf6 4. d3 Bc5 5. Nc3 a6 6. a3 h6 7. Be3 d6 8. h3 Qe7
9. O-O b5 10. Nd5 Qd8 11. Nxf6+ Qxf6 12. Bd5 Bd7 13. d4 Ba7 14. dxe5 dxe5 15.
Bxa7 Rxa7 16. Nh2 O-O 17. Qf3 Qe7 18. Qe3 Raa8 19. Nf3 Rad8 20. Rad1 Nb8 21.
Rd2 c6 22. Ba2 c5 23. Bd5 Nc6 24. Rfd1 Nd4 25. c3 Nxf3+ 26. Qxf3 g6 27. Qe3 Kg7
28. b4 cxb4 29. cxb4 Bc8 30. Qc3 Qg5 31. Bc6 Bxh3 32. g3 Rxd2 33. Rxd2 Bg4 34.
f4 Qe7 35. Qxe5+ Qxe5 36. fxe5 Rc8 37. Rd6 Rc7 38. Kf2 Ra7 39. Ke3 a5 40. Bxb5
axb4 41. axb4 Rb7 42. Rd5 g5 43. Kd4 Be6 44. Rc5 h5 45. Kc3 Ra7 46. Kd4 Ra3 47.
Rc3 Rxc3 48. Kxc3 Kf8 49. Kd4 h4 50. gxh4 gxh4 51. Ke3 Ke7 52. Kf4 Kd8 53. Bf1
Kc7 54. Kg5 h3 55. Kh4 h2 56. Bg2 Kb6 57. Kg3 Kb5 58. Kxh2 Kxb4 59. Kg3 Kc4 60.
Kf4 Kd4 61. Bf3 Bb3 62. Bg4 Bc4 63. Bd7 Be6 64. Bc6 Bc4 65. Bd7 Be6 66. Bc6 Bc8
67. Be8 Be6 68. Bxf7 Bxf7 69. Kf5 Bc4 1/2-1/2

[Event "Tradewise Gibraltar Chess Festival 2011"]
[Site "Gibraltar ENG"]
[Date "2011.01.30"]
[Round "6.84"]
[White "Moreno Cervera, Jose Luis"]
[Black "Navarrete Espi, Samuel"]
[Result "0-1"]
[WhiteElo "1903"]
[BlackElo "2095"]
[PlyCount "76"]
[EventDate "2011.01.25"]
[EventType "swiss"]
[EventRounds "10"]
[EventCountry "ENG"]
[Source "lmi"]
[SourceDate "2011.01.25"]

1. d4 Nf6 2. Bf4 g6 3. e3 Bg7 4. Nf3 O-O 5. Be2 d6 6. O-O Nc6 7. c4 Nd7 8. Nc3
e5 9. Bg3 f5 10. Bh4 Qe8 11. Nd5 g5 12. Nxg5 Qd8 13. Nf3 Nf6 14. dxe5 dxe5 15.
Nxf6+ Bxf6 16. Qxd8 Bxd8 17. Bxd8 Rxd8 18. Rfd1 Be6 19. Ng5 Bf7 20. Rxd8+ Rxd8
21. Nxf7 Kxf7 22. Rd1 Rxd1+ 23. Bxd1 Ke6 24. Bc2 e4 25. Kf1 Ne5 26. b3 Kd6 27.
Ke2 Kc5 28. f3 Kb4 29. fxe4 Kc3 30. Bb1 Kb2 31. exf5 Kxb1 32. e4 Kxa2 33. Ke3
Kxb3 34. Kf4 Nc6 35. f6 Kxc4 36. Kf5 Nd8 37. e5 Kd5 38. f7 Nxf7 0-1

[Event "Tradewise Gibraltar Chess Festival 2011"]
[Site "Gibraltar ENG"]
[Date "2011.01.30"]
[Round "6.86"]
[White "Winkler, Stefan"]
[Black "Montabord, Manuel"]
[Result "0-1"]
[WhiteElo "1867"]
[BlackElo "2063"]
[PlyCount "74"]
[EventDate "2011.01.25"]
[EventType "swiss"]
[EventRounds "10"]
[EventCountry "ENG"]
[Source "lmi"]
[SourceDate "2011.01.25"]

1. e4 c6 2. d4 d5 3. e5 Bf5 4. Nf3 e6 5. Be2 Nd7 6. O-O h6 7. c4 dxc4 8. Bxc4
Ne7 9. Be3 Nd5 10. Nc3 Be7 11. Nd2 O-O 12. g4 Bh7 13. Qe2 N7b6 14. Bd3 Bxd3 15.
Qxd3 c5 16. Nde4 cxd4 17. Qxd4 Nxe3 18. Qxe3 Nd5 19. Nxd5 Qxd5 20. Nc3 Qa5 21.
Rfd1 Rfd8 22. a3 Rac8 23. Kg2 a6 24. f4 Qc7 25. Kg3 Rxd1 26. Rxd1 Bxa3 27. Na4
Bf8 28. Nc3 b5 29. Ne4 Qc2 30. Rd2 Qc1 31. Qd3 Qe1+ 32. Kh3 Be7 33. g5 hxg5 34.
Nxg5 Bxg5 35. fxg5 Qxe5 36. Qd7 Qe3+ 37. Kg2 Qxg5+ 0-1

[Event "Tradewise Gibraltar Chess Festival 2011"]
[Site "Gibraltar ENG"]
[Date "2011.01.30"]
[Round "6.88"]
[White "Kuenitz, Klaus"]
[Black "Wilson, Alexandra"]
[Result "1/2-1/2"]
[WhiteElo "1695"]
[BlackElo "2037"]
[PlyCount "126"]
[EventDate "2011.01.25"]
[EventType "swiss"]
[EventRounds "10"]
[EventCountry "ENG"]
[Source "lmi"]
[SourceDate "2011.01.25"]

1. d4 e6 2. c4 f5 3. Nf3 Nf6 4. g3 Be7 5. Nc3 O-O 6. d5 d6 7. Bg2 e5 8. O-O b6
9. b4 a5 10. b5 Nbd7 11. Be3 Ng4 12. Bd2 Qe8 13. h3 Ngf6 14. Be3 Nh5 15. Bg5
Ndf6 16. e3 h6 17. Bxf6 Bxf6 18. e4 g5 19. exf5 e4 20. Nd4 e3 21. g4 Nf4 22.
Re1 exf2+ 23. Kxf2 Qf7 24. Ne4 Be5 25. Rb1 Bd7 26. Kg1 Rae8 27. Ne6 Nxe6 28.
dxe6 Bxe6 29. fxe6 Qf4 30. Bf3 Qxf3 31. Qxf3 Rxf3 32. Kg2 Ra3 33. Re2 Rxe6 34.
Rb3 Rxb3 35. axb3 Bd4 36. Kf3 Kf7 37. Ng3 Be5 38. Nf5 Kg6 39. Ke4 Bf4+ 40. Kd3
Rxe2 41. Kxe2 Kf6 42. Nxh6 d5 43. Kd3 dxc4+ 44. Kxc4 Ke5 45. Nf5 Ke4 46. h4
gxh4 47. Nxh4 Bg5 48. Ng6 Bd8 49. Nf8 Ke5 50. Nh7 Be7 51. g5 Kf5 52. Kd5 Kg6
53. Ke6 Bd6 54. Nf6 Bh2 55. Kd7 Kxg5 56. Nd5 Kf5 57. Nxc7 Ke4 58. Kc6 Bg1 59.
Nd5 Kd3 60. Nxb6 Kc3 61. Na4+ Kb4 62. Nb2 Be3 63. Nc4 Bg1 1/2-1/2

[Event "Tradewise Gibraltar Chess Festival 2011"]
[Site "Gibraltar ENG"]
[Date "2011.01.30"]
[Round "6.90"]
[White "Dasaolu, Adeoye"]
[Black "Valhondo Morales, Ruben"]
[Result "1/2-1/2"]
[WhiteElo "2107"]
[BlackElo "1948"]
[PlyCount "68"]
[EventDate "2011.01.25"]
[EventType "swiss"]
[EventRounds "10"]
[EventCountry "ENG"]
[Source "lmi"]
[SourceDate "2011.01.25"]

1. c4 Nf6 2. Nc3 e5 3. g3 d5 4. cxd5 Nxd5 5. Bg2 Nb6 6. Nf3 Nc6 7. d3 Be7 8.
O-O g5 9. a3 g4 10. Nd2 h5 11. b4 h4 12. Bb2 f5 13. Rc1 hxg3 14. hxg3 Bg5 15.
b5 Nd4 16. e3 Ne6 17. Qe2 Qe7 18. Rfd1 Qh7 19. a4 a5 20. bxa6 bxa6 21. a5 Bb7
22. f4 gxf3 23. Nxf3 Nd5 24. Nxd5 Bxd5 25. Nxg5 Nxg5 26. Bxd5 e4 27. Qg2 Nf3+
28. Kf2 Rb8 29. Bxh8 Qxh8 30. Rc2 Rb2 31. Re2 Rxe2+ 32. Kxe2 Qb2+ 33. Kf1 Nh2+
34. Kg1 Nf3+ 1/2-1/2

[Event "Tradewise Gibraltar Chess Festival 2011"]
[Site "Gibraltar ENG"]
[Date "2011.01.30"]
[Round "6.91"]
[White "Schweizer, Manfred"]
[Black "Bihi, Mehdi"]
[Result "1/2-1/2"]
[WhiteElo "2075"]
[BlackElo "1936"]
[PlyCount "100"]
[EventDate "2011.01.25"]
[EventType "swiss"]
[EventRounds "10"]
[EventCountry "ENG"]
[Source "lmi"]
[SourceDate "2011.01.25"]

1. Nf3 Nf6 2. g3 d5 3. Bg2 c6 4. O-O Bf5 5. d3 h6 6. Nbd2 e6 7. c4 Be7 8. b3
O-O 9. Bb2 Bh7 10. Qc2 Nfd7 11. e4 Bf6 12. Rfd1 Bxb2 13. Qxb2 Nf6 14. Ne5 dxe4
15. Nxe4 Nxe4 16. dxe4 Qe7 17. Qd4 f6 18. Ng4 e5 19. Qd6 Qxd6 20. Rxd6 Na6 21.
Rad1 Rae8 22. Ne3 Nc5 23. f3 Ne6 24. Bh3 Nd4 25. Kf2 Rd8 26. Rxd8 Rxd8 27. c5
Kf8 28. Nc2 Ne6 29. Rxd8+ Nxd8 30. Ne1 Bg8 31. f4 Be6 32. Bf1 exf4 33. gxf4 a5
34. Nc2 a4 35. Nd4 axb3 36. axb3 g6 37. Ke3 Ke7 38. Be2 Bd7 39. Bc4 Ne6 40.
Bxe6 Bxe6 41. f5 Bf7 42. fxg6 Bxg6 43. Nf5+ Bxf5 44. exf5 Ke8 45. Kd4 Kd7 46.
Kc3 Kc7 47. Kc4 b5+ 48. cxb6+ Kxb6 49. b4 Kc7 50. Kc5 Kd7 1/2-1/2

[Event "Tradewise Gibraltar Chess Festival 2011"]
[Site "Gibraltar ENG"]
[Date "2011.01.30"]
[Round "6.92"]
[White "Henrichsen, Jens"]
[Black "Compton, Alistair"]
[Result "1/2-1/2"]
[WhiteElo "1925"]
[BlackElo "2046"]
[PlyCount "109"]
[EventDate "2011.01.25"]
[EventType "swiss"]
[EventRounds "10"]
[EventCountry "ENG"]
[Source "lmi"]
[SourceDate "2011.01.25"]

1. d4 e6 2. Nf3 d5 3. c4 c5 4. cxd5 exd5 5. Nc3 Nc6 6. g3 Nf6 7. Bg2 Be7 8. O-O
O-O 9. Bg5 c4 10. Ne5 Be6 11. f4 Ng4 12. Bxe7 Nxe7 13. Nxg4 Bxg4 14. h3 Be6 15.
g4 f6 16. f5 Bf7 17. Qd2 Qd6 18. a4 Rad8 19. a5 Nc6 20. Ra4 Rfe8 21. Raa1 Re7
22. Rf3 Rde8 23. e3 Qd8 24. Ne2 b6 25. axb6 Qxb6 26. Nf4 Nb4 27. h4 g5 28. hxg5
fxg5 29. Nh3 h6 30. Nf2 Rb7 31. Rh3 Nd3 32. Nxd3 cxd3 33. Qxd3 Qxb2 34. Qa3 Qb6
35. Qa5 Qd6 36. Rf1 h5 37. gxh5 g4 38. Rh4 Qg3 39. Qe1 Rxe3 40. Qxg3 Rxg3 41.
Kh2 Rbb3 42. Rf4 Kh7 43. Rhxg4 Rxg4 44. Rxg4 Kh6 45. Rg3 Rxg3 46. Kxg3 a5 47.
Bf3 a4 48. Bd1 a3 49. Bb3 Kxh5 50. Kf4 Kh4 51. Ke5 Kg5 52. f6 Kg6 53. Bc2+ Kg5
54. Bb1 Bg8 55. Ba2 1/2-1/2

[Event "Tradewise Gibraltar Chess Festival 2011"]
[Site "Gibraltar ENG"]
[Date "2011.01.30"]
[Round "6.93"]
[White "Hamer, Martyn"]
[Black "Leimeister, Winfried"]
[Result "1-0"]
[WhiteElo "2041"]
[BlackElo "1906"]
[PlyCount "89"]
[EventDate "2011.01.25"]
[EventType "swiss"]
[EventRounds "10"]
[EventCountry "ENG"]
[Source "lmi"]
[SourceDate "2011.01.25"]

1. e4 c5 2. c3 g6 3. Nf3 Bg7 4. Bc4 Nc6 5. O-O e6 6. Re1 d6 7. d4 cxd4 8. cxd4
Nge7 9. Nc3 O-O 10. Bg5 h6 11. Be3 Na5 12. Bd3 d5 13. e5 Bd7 14. h4 Nc4 15. Bc1
Rc8 16. h5 g5 17. Bb1 f5 18. exf6 Bxf6 19. Qd3 Rf7 20. b3 Na5 21. Ne5 Bxe5 22.
dxe5 Qc7 23. Bd2 Nac6 24. Qg3 Nd4 25. f4 Nef5 26. Qg4 Rg7 27. fxg5 hxg5 28.
Nxd5 exd5 29. e6 Bxe6 30. Rxe6 Nxe6 31. Bxf5 Qb6+ 32. Kh1 Rc6 33. Re1 Nc7 34.
Be3 Qa5 35. Re2 Qc3 36. g3 Rf6 37. Bd4 Qc1+ 38. Kg2 Rff7 39. h6 Rh7 40. Be3 Qd1
41. Qxg5+ Rfg7 42. Qd8+ Kf7 43. Qxc7+ Kf6 44. Bg5+ Rxg5 45. Qe5+ 1-0

[Event "Tradewise Gibraltar Chess Festival 2011"]
[Site "Gibraltar ENG"]
[Date "2011.01.30"]
[Round "6.94"]
[White "Martinez Gonzalez, Francisco Ii"]
[Black "Haga, Halvor"]
[Result "1-0"]
[WhiteElo "1870"]
[BlackElo "2024"]
[PlyCount "69"]
[EventDate "2011.01.25"]
[EventType "swiss"]
[EventRounds "10"]
[EventCountry "ENG"]
[Source "lmi"]
[SourceDate "2011.01.25"]

1. d4 f5 2. c4 Nf6 3. Nc3 e6 4. Nf3 d5 5. g3 c6 6. Bg2 Bd6 7. c5 Be7 8. Bf4 b6
9. b4 O-O 10. O-O Bb7 11. Qc2 a5 12. a3 Ne4 13. Rfb1 axb4 14. axb4 Rxa1 15.
Rxa1 Na6 16. Qb3 g5 17. Bc1 Bc8 18. Ne5 Qe8 19. Bxe4 fxe4 20. b5 cxb5 21. c6 b4
22. Nb5 Qh5 23. Qe3 g4 24. c7 Qf5 25. Nc6 Bf6 26. Nd6 Qh5 27. Nxc8 Nxc7 28.
Nxb6 e5 29. Nd7 exd4 30. Nxf6+ Rxf6 31. Nxd4 b3 32. Nxb3 Ne6 33. Nd4 Ng7 34.
Qg5 Qf7 35. Ra8+ 1-0

[Event "Tradewise Gibraltar Chess Festival 2011"]
[Site "Gibraltar ENG"]
[Date "2011.01.30"]
[Round "6.97"]
[White "Sommerhalder, Eric"]
[Black "Reid, Vaness"]
[Result "1-0"]
[WhiteElo "2000"]
[BlackElo "1841"]
[PlyCount "47"]
[EventDate "2011.01.25"]
[EventType "swiss"]
[EventRounds "10"]
[EventCountry "ENG"]
[Source "lmi"]
[SourceDate "2011.01.25"]

1. e4 e6 2. d4 d5 3. Nc3 Bb4 4. e5 c5 5. a3 Ba5 6. b4 cxd4 7. Nb5 Bc7 8. f4 a6
9. Nxd4 Ne7 10. Ngf3 Nbc6 11. Be3 Nxd4 12. Nxd4 Ng6 13. Bd3 Qh4+ 14. g3 Qe7 15.
h4 a5 16. b5 Bd7 17. Qf3 f6 18. b6 Bxb6 19. Nb5 O-O 20. Bxb6 fxe5 21. Qf2 exf4
22. Bc5 Qf6 23. O-O Rf7 24. Nd6 1-0

[Event "Tradewise Gibraltar Chess Festival 2011"]
[Site "Gibraltar ENG"]
[Date "2011.01.30"]
[Round "6.98"]
[White "Gholami, Armin"]
[Black "Flores Chico, Jorge"]
[Result "1-0"]
[WhiteElo "1779"]
[BlackElo "1999"]
[PlyCount "85"]
[EventDate "2011.01.25"]
[EventType "swiss"]
[EventRounds "10"]
[EventCountry "ENG"]
[Source "lmi"]
[SourceDate "2011.01.25"]

1. e4 c5 2. c3 e6 3. d4 d5 4. exd5 exd5 5. Nf3 Nf6 6. Bd3 Bg4 7. dxc5 Bxc5 8.
O-O O-O 9. Bg5 Nbd7 10. Nbd2 Re8 11. Qc2 h6 12. Bh4 Qb6 13. h3 Be6 14. Nb3 Bd6
15. Nbd4 Rac8 16. Rfe1 g5 17. Bg3 Bxg3 18. fxg3 Nc5 19. Kh2 Qd6 20. Nxe6 Nxe6
21. Bf5 Nh5 22. Bxe6 Rxe6 23. Rxe6 Qxe6 24. Nd4 Qe4 25. Qxe4 dxe4 26. Nf5 Rc5
27. Rf1 Kh7 28. Nd6 Rd5 29. Nxe4 f5 30. g4 fxe4 31. gxh5 Kg7 32. Re1 Re5 33. g4
Kf6 34. Kg3 Ke6 35. Kf2 Kd5 36. Rd1+ Kc6 37. Ke3 Ra5 38. a3 Rb5 39. b4 Rd5 40.
Rd4 Rxd4 41. Kxd4 Kb5 42. Kxe4 Kc4 43. Kf5 1-0

[Event "Tradewise Gibraltar Chess Festival 2011"]
[Site "Gibraltar ENG"]
[Date "2011.01.30"]
[Round "6.99"]
[White "Neumanova, Monika"]
[Black "Phillips, Owen S"]
[Result "1/2-1/2"]
[WhiteElo "1712"]
[BlackElo "1992"]
[PlyCount "83"]
[EventDate "2011.01.25"]
[EventType "swiss"]
[EventRounds "10"]
[EventCountry "ENG"]
[Source "lmi"]
[SourceDate "2011.01.25"]

1. d4 e6 2. c4 g6 3. e4 Bg7 4. Nc3 Ne7 5. Be3 f5 6. e5 d6 7. f4 dxe5 8. dxe5
Qxd1+ 9. Rxd1 a6 10. b4 O-O 11. Nf3 a5 12. a3 axb4 13. axb4 b6 14. Be2 Ra3 15.
Bd2 Rb3 16. Nb5 Na6 17. Nfd4 Rb2 18. Bc3 Ra2 19. Bf3 g5 20. fxg5 Bxe5 21. O-O
Bg7 22. Nxe6 Bxe6 23. Rfe1 Bf7 24. Rxe7 Bxc3 25. Nxc3 Rc2 26. Nd5 Rxc4 27. Nf6+
Kg7 28. Rdd7 Rc1+ 29. Kf2 Nxb4 30. Nh5+ Kg8 31. Nf6+ Kg7 32. Nxh7 Kxh7 33.
Rxf7+ Rxf7 34. Rxf7+ Kg6 35. Rf8 Kxg5 36. Kg3 Nd3 37. h4+ Kg6 38. h5+ Kg5 39.
Rg8+ Kh6 40. Rg6+ Kh7 41. Rf6 f4+ 42. Kg4 1/2-1/2